Central Library OPAC University of Rajshahi

India's neighbourhood : (Record no. 85745)

MARC details
000 -LEADER
fixed length control field 01171nam a2200337 a 4500
001 - CONTROL NUMBER
control field 85745
003 - CONTROL NUMBER IDENTIFIER
rucl marc code BD-RjUL
005 - DATE AND TIME OF LATEST TRANSACTION
control field 20250925111529.0
008 - FIXED-LENGTH DATA ELEMENTS--GENERAL INFORMATION
fixed length control field 250925s2012 ii ab b 001 0 eng d
020 ## - INTERNATIONAL STANDARD BOOK NUMBER
International Standard Book Number 9788182746879
International Standard Book Number 8182746876
035 ## - SYSTEM CONTROL NUMBER
System control number (BD-RjUL)85745
040 ## - CATALOGING SOURCE
Original cataloging agency DKAGE
Language of cataloging eng
Transcribing agency DKAGE
Modifying agency OCLCO
-- DLC
-- BD-RjUL
Description conventions rda
041 ## - LANGUAGE CODE
Language code of text/sound track or separate title eng
082 04 - DEWEY DECIMAL CLASSIFICATION NUMBER
Edition number 23
Classification number 327.54
Author mark and year DAI 2012
245 00 - TITLE STATEMENT
Title India's neighbourhood :
Remainder of title challenges in the next two decades /
Statement of responsibility, etc. editors, Rumel Dahiya, Ashok K. Behuria.
264 #1 - PRODUCTION, PUBLICATION, DISTRIBUTION, MANUFACTURE, AND COPYRIGHT NOTICE
Place of production, publication, distribution, manufacture New Delhi :
Name of producer, publisher, distributor, manufacturer Pentagon Security International,
Date of production, publication, distribution, manufacture, or copyright notice 2012.
300 ## - PHYSICAL DESCRIPTION
Pagination xxx, 226 pages :
Illustrations illustrations, maps ;
Size 24 cm
336 ## - CONTENT TYPE
Content type term text
Source rdacontent
337 ## - MEDIA TYPE
Media type term unmediated
Source rdamedia
338 ## - CARRIER TYPE
Carrier type term volume
Source rdacarrier
500 ## - GENERAL NOTE
General note "Institute for Defence Studies & Analyses, New Delhi."
504 ## - BIBLIOGRAPHY, ETC. NOTE
Bibliography, etc Includes bibliographical references and index.
520 ## - SUMMARY, ETC.
Summary, etc. Contributed articles.
651 #0 - SUBJECT ADDED ENTRY--GEOGRAPHIC NAME
Geographic name India
General subdivision Foreign relations
Chronological subdivision 21st century.
9 (RLIN) 14099
700 1# - ADDED ENTRY--PERSONAL NAME
Personal name Dahiya, Rumel.
Personal name Behuria, Ashok K.
710 2# - ADDED ENTRY--CORPORATE NAME
Corporate name or jurisdiction name as entry element Institute for Defence Studies and Analyses.
9 (RLIN) 16937
942 ## - ADDED ENTRY ELEMENTS (KOHA)
Source of classification or shelving scheme Dewey Decimal Classification
Koha item type Books
Holdings
Lost status Source of classification or shelving scheme Damaged status Not for loan Collection code Permanent Location Current Location Shelving location Date acquired Source of acquisition Total Checkouts Full call number Date last seen Copy number Koha item type
  Dewey Decimal Classification     Non-fiction Central Library, University of Rajshahi Central Library, University of Rajshahi Reading Room 17/09/2025 Rumel Dhaiya   327.54 DAI 2012 25/09/2025 C-1 Books